Statistics for 25 Most Popular Candy Brands in the U.S.

Click here to take the quiz!

General Stats

  • This quiz has been taken 33 times
  • The average score is 9 of 25

Answer Stats

Rank #Answer% Correct
2Reese's
86%
3M&M's
79%
4Snickers
71%
1Skittles
68%
15Milky Way
61%
5Starburst
61%
18Kit Kat
57%
17Twix
57%
9Sour Patch Kids
50%
12Butterfinger
43%
223 Musketeers
36%
23Almond Joy
36%
25Milk Duds
36%
11Jolly Ranchers
25%
10Hershey's Kisses
21%
16Swedish Fish
18%
14Hershey's Bar
11%
24Life Savers
11%
8Tootsie Pop
11%
20Blow Pop
7%
6Candy Corn
7%
7Hot Tamales
7%
21Lemonhead
7%
19Dubble Bubble
0%
13Taffy
0%

Score Distribution

Percentile by Number Answered

Percent of People with Each Score

Your Score History

You have not taken this quiz